[Event "Women's Speed Chess GP3"]
[Site "chess.com INT"]
[Date "2020.07.09"]
[Round "2.4"]
[White "Hou, Yifan"]
[Black "Harika, Dronavalli"]
[Result "1-0"]
[WhiteTitle "GM"]
[BlackTitle "GM"]
[WhiteElo "2658"]
[BlackElo "2515"]
[WhiteFideId "8602980"]
[BlackFideId "5015197"]
[EventDate "2020.07.08"]
[EventType "k.o. blitz"]

1. e4 e6 2. d4 d5 3. Nc3 Bb4 4. e5 Qd7 5. Bd2 b6 6. Qg4 Bf8 7. Nh3 Ne7 8. Nf4
Ba6 9. Bxa6 Nxa6 10. Nh5 Nf5 11. O-O-O O-O-O 12. Bg5 Re8 13. Qe2 Kb7 14. g4 Ne7
15. a3 c5 16. Nb5 Nc6 17. Nxg7 Nxd4 18. Rxd4 cxd4 19. Nxe8 Qxe8 20. Nxd4 Rg8 21.
Bd2 Nc5 22. f3 Be7 23. h4 Qd7 24. h5 Rc8 25. Kb1 f6 26. Re1 Re8 27. Bf4 a6 28.
exf6 Bxf6 29. Be5 Bd8 30. Qe3 Be7 31. Rd1 Bf8 32. Nb3 Na4 33. c4 Rc8 34. cxd5
exd5 35. Qd3 Re8 36. Qxd5+ Qxd5 37. Rxd5 Kc6 38. Rd4 b5 39. Bf4 Re2 40. Rd2 Re1+
41. Nc1 Rf1 42. Rd3 Bc5 43. Kc2 Nb6 44. Bd2 Nc4 45. Nb3 Bb6 46. Nd4+ Bxd4 47.
Rxd4 Rxf3 48. Bc3 Rf2+ 49. Kb3 a5 50. a4 Nb6 51. axb5+ Kxb5 52. Re4 a4+ 53. Ka2
Nc4 54. Re7 a3 55. Rb7+ Kc6 56. Rxh7 axb2 57. g5 Rg2 58. g6 b1=Q+ 59. Kxb1 Na3+
60. Ka1 Nc2+ 61. Kb2 Ne3+ 62. Kb3 Nd5 63. g7 Rg3 64. Rh8 Rxc3+ 65. Kb2 Rg3 66.
g8=Q Rxg8 67. Rxg8 1-0

[Event "Women's Speed Chess GP3"]
[Site "chess.com INT"]
[Date "2020.07.09"]
[Round "2.5"]
[White "Harika, Dronavalli"]
[Black "Hou, Yifan"]
[Result "1/2-1/2"]
[WhiteTitle "GM"]
[BlackTitle "GM"]
[WhiteElo "2515"]
[BlackElo "2658"]
[WhiteFideId "5015197"]
[BlackFideId "8602980"]
[EventDate "2020.07.08"]
[EventType "k.o. blitz"]

1. d4 Nf6 2. Bg5 d5 3. Nd2 e6 4. e3 h6 5. Bh4 c5 6. c3 Nc6 7. Ngf3 Be7 8. Bd3
O-O 9. O-O b6 10. Ne5 Bb7 11. f4 Ne8 12. Bg3 Nd6 13. Qf3 c4 14. Bc2 f5 15. a4
Rc8 16. Qe2 Qe8 17. Ndf3 Bf6 18. Nxc6 Bxc6 19. Ne5 Bxe5 20. fxe5 Ne4 21. Bxe4
fxe4 22. Rxf8+ Qxf8 23. a5 b5 24. Rf1 Qe7 25. Qg4 Rf8 26. Rxf8+ Kxf8 27. h4 Qf7
28. Qf4 Qxf4 29. Bxf4 Ke7 30. g4 Kd8 31. g5 h5 32. Kf2 Kc7 33. g6 Kb7 34. Bh6
Be8 35. Bxg7 Bxg6 36. Bf6 Ka6 37. Bd8 Be8 38. Ke1 b4 39. cxb4 Kb5 40. Be7 Ka4
41. Kd2 Kb3 42. Kc1 c3 43. bxc3 Kxc3 44. Kd1 Kd3 45. Bg5 Ba4+ 46. Ke1 Kc4 47.
Be7 Kd3 48. Kf2 a6 49. Bc5 Bb5 50. Bf8 Bc4 51. Bh6 Kc3 52. Bf8 Kd3 53. Be7 Bb5
54. Bg5 Kc3 55. Kg3 Kxb4 56. Bd8 Kc3 57. Kf4 Kd2 58. Be7 Be2 59. Bf8 Bg4 60.
Bb4+ Kd3 61. Be7 Ke2 62. Bd8 Kd3 63. Be7 Ke2 64. Bd8 Kd3 65. Be7 1/2-1/2

[Event "Women's Speed Chess GP3"]
[Site "chess.com INT"]
[Date "2020.07.09"]
[Round "2.6"]
[White "Hou, Yifan"]
[Black "Harika, Dronavalli"]
[Result "1-0"]
[WhiteTitle "GM"]
[BlackTitle "GM"]
[WhiteElo "2658"]
[BlackElo "2515"]
[WhiteFideId "8602980"]
[BlackFideId "5015197"]
[EventDate "2020.07.08"]
[EventType "k.o. blitz"]

1. e4 d6 2. d4 g6 3. Nc3 Bg7 4. Nf3 c6 5. Be3 Nd7 6. Qd2 Qa5 7. Bd3 e5 8. dxe5
dxe5 9. O-O Ngf6 10. h3 O-O 11. a4 Qc7 12. Bc4 Nh5 13. Rfd1 Nf4 14. Ne2 Nxe2+
15. Qxe2 h6 16. Qd2 Kh7 17. a5 Nf6 18. Qd3 Re8 19. Bc5 Be6 20. Bd6 Qc8 21. Bxe5
Bxc4 22. Qxc4 Qe6 23. Qxe6 Rxe6 24. Bxf6 Bxf6 25. Rd7 Kg7 26. e5 Bxe5 27. Re1
Rae8 28. Rxb7 a6 29. Rb6 g5 30. Nxe5 Rxe5 31. Rxe5 Rxe5 32. Rxa6 c5 33. Kf1 c4
34. Rc6 Rxa5 35. Rxc4 Ra2 36. Rb4 Ra1+ 37. Ke2 Rg1 38. Kf3 Rc1 39. c4 Kf6 40. b3
Ke5 41. Rb5+ Ke6 42. Rb6+ Ke5 43. Rxh6 f5 44. Rb6 Rc3+ 45. Ke2 Ke4 46. Re6+ Kd4
47. Re3 Rc2+ 48. Kf3 1-0

[Event "Women's Speed Chess GP3"]
[Site "chess.com INT"]
[Date "2020.07.09"]
[Round "2.7"]
[White "Harika, Dronavalli"]
[Black "Hou, Yifan"]
[Result "0-1"]
[WhiteTitle "GM"]
[BlackTitle "GM"]
[WhiteElo "2515"]
[BlackElo "2658"]
[WhiteFideId "5015197"]
[BlackFideId "8602980"]
[EventDate "2020.07.08"]
[EventType "k.o. blitz"]

1. d4 e6 2. e4 d5 3. Nc3 Nf6 4. e5 Nfd7 5. Nce2 c5 6. c3 Nc6 7. Nf3 Qb6 8. a3
cxd4 9. cxd4 Na5 10. b4 Nc4 11. Nf4 a5 12. b5 a4 13. Bd3 Qa5+ 14. Nd2 Qc3 15.
Ra2 Qxd4 16. O-O Ncxe5 17. Nf3 Nxf3+ 18. Qxf3 Ne5 19. Qg3 Nxd3 20. Nxd3 Bd7 21.
Bb2 Qc4 22. Raa1 Bxb5 23. Rfd1 Qb3 24. Rab1 Bxd3 25. Rxd3 Qc2 26. Rdd1 Be7 27.
Qxg7 Rf8 28. Qg3 Qg6 29. Qf3 Rc8 30. g3 Qe4 31. Qh5 Rc2 32. Bd4 Rc4 33. Be3 Rc7
34. Bf4 Rc2 35. Rxb7 Bc5 36. Rb8+ Kd7 37. Rb7+ Kc6 38. Rc7+ Kb6 39. Rb1+ Ka6 40.
Rc6+ Ka7 41. Rc7+ Ka8 42. Rf1 Bxf2+ 43. Rxf2 Qe1+ 44. Kg2 Qxf2+ 45. Kh3 Qxh2+
46. Kg4 Qxh5+ 47. Kxh5 Rxc7 0-1

[Event "Women's Speed Chess GP3"]
[Site "chess.com INT"]
[Date "2020.07.09"]
[Round "2.8"]
[White "Hou, Yifan"]
[Black "Harika, Dronavalli"]
[Result "1-0"]
[WhiteTitle "GM"]
[BlackTitle "GM"]
[WhiteElo "2658"]
[BlackElo "2515"]
[WhiteFideId "8602980"]
[BlackFideId "5015197"]
[EventDate "2020.07.08"]
[EventType "k.o. blitz"]

1. e4 e6 2. d4 d5 3. Nc3 Bb4 4. e5 c5 5. a3 Bxc3+ 6. bxc3 Ne7 7. h4 Qc7 8. Nf3
b6 9. h5 h6 10. Bb5+ Bd7 11. Bd3 Nbc6 12. a4 Na5 13. Rh4 c4 14. Be2 O-O-O 15.
Rf4 Rdf8 16. Ba3 Be8 17. Bd6 Qd7 18. Rg4 Nb7 19. Bxe7 Qxe7 20. Rxg7 Rfg8 21.
Rxg8 Rxg8 22. g3 f6 23. Qd2 Bxh5 24. Qxh6 Bxf3 25. exf6 Qf7 26. Bxf3 Rg6 27.
Qh8+ Kc7 28. Bh5 Qxf6 29. Qxf6 Rxf6 30. Ke2 Nd6 31. Rh1 Ne4 32. Bf3 Nxc3+ 33.
Ke3 Nxa4 34. Rh7+ Kb8 35. g4 Nb2 36. g5 Rg6 37. Kf4 c3 38. Bh5 Rg8 39. Bf7 Rd8
40. g6 Nc4 41. g7 Nd6 42. g8=Q Rxg8 43. Bxg8 1-0

[Event "Women's Speed Chess GP3"]
[Site "chess.com INT"]
[Date "2020.07.09"]
[Round "2.9"]
[White "Harika, Dronavalli"]
[Black "Hou, Yifan"]
[Result "0-1"]
[WhiteTitle "GM"]
[BlackTitle "GM"]
[WhiteElo "2515"]
[BlackElo "2658"]
[WhiteFideId "5015197"]
[BlackFideId "8602980"]
[EventDate "2020.07.08"]
[EventType "k.o. blitz"]

1. f4 d5 2. Nf3 Nf6 3. g3 Bg4 4. Bg2 e6 5. O-O Bxf3 6. Bxf3 Bd6 7. d3 c6 8. Qe1
O-O 9. e4 dxe4 10. dxe4 e5 11. f5 Na6 12. g4 h6 13. Kh1 Nh7 14. Qe2 Be7 15. Bg2
Bg5 16. Nc3 Nc5 17. Be3 Bxe3 18. Qxe3 Qe7 19. Rad1 a5 20. a3 Rfd8 21. Qf2 Rxd1
22. Rxd1 b6 23. Qd2 Nf6 24. h3 Kf8 25. Bf3 Ke8 26. Qf2 Rd8 27. Rxd8+ Qxd8 28. h4
Qd4 29. Qe2 b5 30. g5 hxg5 31. hxg5 Nfd7 32. Kg2 b4 33. axb4 axb4 34. Nd1 Qd6
35. Nf2 Kd8 36. c3 bxc3 37. bxc3 Kc7 38. Qa2 Qe7 39. Qa7+ Kd6 40. Nh3 Qd8 41.
Qa2 Ke7 42. Qa3 Qb6 43. Nf2 Qb3 44. Qc1 Qa2 45. Qe3 Qb2 46. Kg3 Na4 47. Nd1 Qb1
48. Qa7 Nb6 49. Qa3+ Kd8 50. Qd6 Qc1 51. Kg4 Qf4+ 52. Kh5 Qxf3+ 0-1

[Event "Women's Speed Chess GP3"]
[Site "chess.com INT"]
[Date "2020.07.09"]
[Round "2.10"]
[White "Hou, Yifan"]
[Black "Harika, Dronavalli"]
[Result "0-1"]
[WhiteTitle "GM"]
[BlackTitle "GM"]
[WhiteElo "2658"]
[BlackElo "2515"]
[WhiteFideId "8602980"]
[BlackFideId "5015197"]
[EventDate "2020.07.08"]
[EventType "k.o. blitz"]

1. e4 c5 2. Nf3 Nc6 3. d4 cxd4 4. Nxd4 e5 5. Nb5 d6 6. c4 Be7 7. N1c3 a6 8. Na3
Be6 9. Be2 Bg5 10. O-O Bxc1 11. Rxc1 Nf6 12. Nc2 O-O 13. b3 Rc8 14. Qd2 Qe7 15.
Rfd1 Rfd8 16. h3 h6 17. Nd5 Bxd5 18. cxd5 Nb8 19. Qe3 Rc7 20. Ne1 Rdc8 21. Nd3
Nbd7 22. Rxc7 Rxc7 23. Bg4 Nc5 24. Nxc5 Rxc5 25. Rc1 Rxc1+ 26. Qxc1 g6 27. Qc8+
Kg7 28. Bf3 Nh7 29. g3 Ng5 30. Bg2 h5 31. h4 Nh7 32. Bf3 Nf6 33. Kg2 Ne8 34. b4
Nc7 35. Qxb7 Qd8 36. a4 Qd7 37. b5 axb5 38. axb5 Qd8 39. b6 Nb5 40. Be2 Nd4 41.
Bd1 Qe8 42. Qc7 Qb5 43. b7 Qd3 44. b8=Q Qxd1 45. Qc3 Ne2 46. Qe3 Qg1+ 47. Kf3
Nd4+ 48. Qxd4 exd4 49. Qb3 Qe1 50. Qd3 Qa1 51. Kg2 Qb2 52. Kf3 Qa1 53. Qd2 Qa3+
54. Ke2 Qc5 55. Qd3 f6 56. Qb3 Kh6 57. Qd3 Kg7 58. Qb3 f5 59. exf5 gxf5 60. Kf3
Kf6 61. Kf4 Qc3 62. Qxc3 dxc3 63. Ke3 Ke5 64. Kd3 Kxd5 65. Kxc3 Ke4 66. Kd2 Kf3
67. Ke1 d5 68. Kf1 d4 69. Ke1 d3 0-1

[Event "Women's Speed Chess GP3"]
[Site "chess.com INT"]
[Date "2020.07.09"]
[Round "2.4"]
[White "Koneru, Humpy"]
[Black "Kosteniuk, Alexandra"]
[Result "0-1"]
[WhiteTitle "GM"]
[BlackTitle "GM"]
[WhiteElo "2586"]
[BlackElo "2471"]
[WhiteFideId "5008123"]
[BlackFideId "4128125"]
[EventDate "2020.07.08"]
[EventType "k.o. blitz"]

1. d4 Nf6 2. c4 e6 3. Nc3 Bb4 4. e3 b6 5. Ne2 Ne4 6. Qc2 Nxc3 7. bxc3 Be7 8. Ng3
Bb7 9. f3 h5 10. Bd3 h4 11. Ne4 d6 12. h3 Nd7 13. O-O c5 14. f4 f5 15. Nd2 Qc7
16. d5 exd5 17. Bxf5 O-O-O 18. cxd5 Bxd5 19. e4 Bc6 20. a4 Kb7 21. Nc4 Nf6 22.
a5 b5 23. a6+ Ka8 24. Na5 g6 25. Nxc6 Qxc6 26. Bxg6 Rhg8 27. e5 dxe5 28. fxe5
Rxg6 29. Qxg6 Rg8 30. Qc2 Ne4 31. Bf4 Nxc3 32. Rf2 b4 33. Be3 Qd5 34. Qh7 Re8
35. Qf7 Qxf7 36. Rxf7 Kb8 37. e6 Kc7 38. Bf4+ Kc6 39. Be5 Nd5 40. Rd1 b3 41. Rf3
c4 42. Rc1 Kb5 43. Bd4 Bc5 44. Bxc5 Kxc5 45. Rxb3 Rxe6 46. Ra3 Kb4 47. Ra2 c3
48. Rb1+ Kc4 49. Ra4+ Kc5 50. Ra5+ Kc4 51. Ra4+ Kc5 52. Ra5+ Kc4 53. Rd1 c2 54.
Rc1 Nb4 55. Ra4 Re2 56. Kf1 Rd2 57. Ra3 Rd1+ 0-1

[Event "Women's Speed Chess GP3"]
[Site "chess.com INT"]
[Date "2020.07.09"]
[Round "2.1"]
[White "Lagno, Kateryna"]
[Black "Ushenina, Anna"]
[Result "0-1"]
[WhiteTitle "GM"]
[BlackTitle "GM"]
[WhiteElo "2546"]
[BlackElo "2416"]
[WhiteFideId "14109336"]
[BlackFideId "14110911"]
[EventDate "2020.07.08"]
[EventType "k.o. blitz"]

1. e4 e5 2. Nf3 Nf6 3. Nxe5 d6 4. Nf3 Nxe4 5. d4 Be7 6. Bd3 Bf5 7. O-O O-O 8.
Re1 d5 9. Nbd2 Nd6 10. Nf1 Bxd3 11. Qxd3 c6 12. Ne5 Na6 13. c3 Nc7 14. Ng3 g6
15. Bh6 Re8 16. Re2 Bg5 17. Bxg5 Qxg5 18. Rae1 Re6 19. h3 Rae8 20. a4 h5 21. Nf3
Qf4 22. Nd2 Rxe2 23. Rxe2 Rxe2 24. Nxe2 Qf6 25. Qg3 Qe7 26. Qe5 Qxe5 27. dxe5
Nde8 28. f4 f6 29. Nf3 Kf7 30. Kf2 Ne6 31. g4 hxg4 32. hxg4 Nc5 33. Ke3 Nxa4 34.
b4 Nc7 35. f5 gxf5 36. gxf5 fxe5 37. Nxe5+ Ke7 38. Kf4 Ne8 39. Kg5 Nf6 40. Kg6
Ne4 41. Kg7 Kd6 42. f6 Kxe5 43. f7 Ng5 44. f8=Q Ne6+ 45. Kg8 Nxf8 46. Kxf8 Ke4
47. Ke7 Kd3 48. Nf4+ Kxc3 49. Kd6 Kxb4 50. Kc7 Nc5 51. Kd6 a5 0-1

[Event "Women's Speed Chess GP3"]
[Site "chess.com INT"]
[Date "2020.07.09"]
[Round "2.2"]
[White "Ushenina, Anna"]
[Black "Lagno, Kateryna"]
[Result "1/2-1/2"]
[WhiteTitle "GM"]
[BlackTitle "GM"]
[WhiteElo "2416"]
[BlackElo "2546"]
[WhiteFideId "14110911"]
[BlackFideId "14109336"]
[EventDate "2020.07.08"]
[EventType "k.o. blitz"]

1. d4 Nf6 2. Nf3 d5 3. Bf4 Bf5 4. e3 e6 5. Bd3 Bd6 6. Bxf5 exf5 7. Qd3 Bxf4 8.
exf4 Ne4 9. Qb5+ c6 10. Qxb7 O-O 11. O-O Qb6 12. Qxb6 axb6 13. Ne5 f6 14. Nd3
Nd7 15. f3 Nd6 16. Nd2 Rfe8 17. Kf2 c5 18. c3 Ne4+ 19. fxe4 fxe4 20. Ne1 e3+ 21.
Ke2 exd2+ 22. Kxd2 cxd4 23. cxd4 Kf7 24. g3 Ke6 25. Kd3 Kd6 26. Nc2 Re4 27. Rfe1
f5 28. a3 Nf6 29. Nb4 Rc8 30. Rac1 Rxe1 31. Rxe1 Ne4 32. Re2 h6 33. Rc2 Rxc2 34.
Nxc2 Nf2+ 35. Ke2 Ng4 36. h3 Nf6 37. Ne3 g6 38. g4 Ke6 39. gxf5+ gxf5 40. Nd1
Ne8 41. Nc3 Nd6 42. Na4 Nc4 43. b3 Nxa3 44. Nxb6 Nb5 45. Kd3 Kd6 46. Na4 Kc6 47.
Nc5 Nd6 48. Ne6 Kb5 49. Kc3 Ne4+ 50. Kd3 Nf2+ 51. Ke3 Ne4 52. Nc7+ Kc6 53. Ne6
Kb5 54. Nc7+ Kc6 55. Ne6 Kb5 1/2-1/2

[Event "Women's Speed Chess GP3"]
[Site "chess.com INT"]
[Date "2020.07.09"]
[Round "2.3"]
[White "Lagno, Kateryna"]
[Black "Ushenina, Anna"]
[Result "1-0"]
[WhiteTitle "GM"]
[BlackTitle "GM"]
[WhiteElo "2546"]
[BlackElo "2416"]
[WhiteFideId "14109336"]
[BlackFideId "14110911"]
[EventDate "2020.07.08"]
[EventType "k.o. blitz"]

1. e4 e5 2. Nf3 Nf6 3. Nxe5 d6 4. Nf3 Nxe4 5. d4 Be7 6. Bd3 Bf5 7. d5 O-O 8. O-O
Nd7 9. Nbd2 Nxd2 10. Qxd2 Bxd3 11. Qxd3 Bf6 12. c4 a5 13. Rb1 Re8 14. Be3 a4 15.
Rfe1 Ne5 16. Nxe5 Bxe5 17. g3 Qf6 18. Re2 Qg6 19. Qxg6 hxg6 20. Rbe1 Kf8 21. Kg2
a3 22. b3 Bc3 23. Rd1 b6 24. h4 Re4 25. Rd3 Bb4 26. Rd4 Re7 27. Rd1 Rae8 28. Kf3
Bc5 29. Rde1 Bb4 30. Rb1 f6 31. Rd1 Kf7 32. Rc1 Re4 33. Rcc2 R4e7 34. Bf4 Rxe2
35. Rxe2 Rb8 36. Bd2 Bxd2 37. Rxd2 Re8 38. Re2 Rb8 39. Re3 Ra8 40. Ke2 Ra5 41.
Kd3 Ra8 42. Kc3 Ra5 43. b4 Ra8 44. Kb3 Ra7 45. b5 Ra8 46. Kb4 f5 47. Rxa3 Re8
48. Re3 Ra8 49. a4 Ra7 50. Ra3 Ra5 51. f3 Kf6 52. g4 g5 53. h5 f4 54. Ra1 g6 55.
h6 Kf7 56. h7 Kg7 57. Re1 Ra7 58. Re7+ Kh8 59. a5 c5+ 60. dxc6 bxa5+ 61. Ka4
Rxe7 62. b6 Kxh7 63. b7 Re1 64. Kxa5 Rb1 65. Ka6 Kg7 66. c7 d5 67. cxd5 Kh6 68.
b8=Q Ra1+ 69. Kb7 Rb1+ 70. Kc6 Rc1+ 71. Kd6 Rxc7 72. Kxc7 1-0

[Event "Women's Speed Chess GP3"]
[Site "chess.com INT"]
[Date "2020.07.09"]
[Round "2.4"]
[White "Ushenina, Anna"]
[Black "Lagno, Kateryna"]
[Result "1-0"]
[WhiteTitle "GM"]
[BlackTitle "GM"]
[WhiteElo "2416"]
[BlackElo "2546"]
[WhiteFideId "14110911"]
[BlackFideId "14109336"]
[EventDate "2020.07.08"]
[EventType "k.o. blitz"]

1. d4 Nf6 2. Nf3 g6 3. Nbd2 c5 4. dxc5 Qa5 5. b3 Bg7 6. Bb2 Qxc5 7. e3 O-O 8. g3
b6 9. c4 Bb7 10. Bg2 Qc7 11. O-O d6 12. Qe2 Nbd7 13. Rac1 Rac8 14. Rfd1 Qb8 15.
Nb1 Rfd8 16. Nc3 Qa8 17. Ne1 Bxg2 18. Nxg2 Ne5 19. e4 e6 20. f3 a6 21. Kh1 Qb7
22. Ne1 h5 23. Rc2 g5 24. Rcd2 g4 25. Rxd6 Rxd6 26. Rxd6 gxf3 27. Nxf3 Nfg4 28.
Rd2 b5 29. Nxe5 Bxe5 30. h3 Nf6 31. Qe3 Bxc3 32. Qxc3 Qxe4+ 33. Rg2 e5 34. Qxe5
Qxe5 35. Bxe5 Nd7 36. Bf4 bxc4 37. Rc2 Nb6 38. Be3 Nd5 39. Bd4 c3 40. Kg2 Re8
41. Kf3 Kh7 42. Kf2 Kg6 43. Re2 Rc8 44. Rc2 1-0

[Event "Women's Speed Chess GP3"]
[Site "chess.com INT"]
[Date "2020.07.09"]
[Round "2.5"]
[White "Lagno, Kateryna"]
[Black "Ushenina, Anna"]
[Result "1-0"]
[WhiteTitle "GM"]
[BlackTitle "GM"]
[WhiteElo "2546"]
[BlackElo "2416"]
[WhiteFideId "14109336"]
[BlackFideId "14110911"]
[EventDate "2020.07.08"]
[EventType "k.o. blitz"]

1. e4 e5 2. Nf3 Nf6 3. Nc3 Nc6 4. Bb5 Be7 5. O-O d6 6. d4 exd4 7. Nxd4 Bd7 8.
Be3 O-O 9. h3 Nxd4 10. Qxd4 Bxb5 11. Nxb5 Nd7 12. Nc3 Bf6 13. Qd3 Re8 14. Nd5 c6
15. Nxf6+ Nxf6 16. Bg5 h6 17. Bxf6 Qxf6 18. c3 Re6 19. Rad1 Rae8 20. f3 Qf4 21.
Qd4 a6 22. Qb6 R8e7 23. Qd4 Qg3 24. Kh1 d5 25. exd5 Re2 26. Rg1 cxd5 27. Qxd5
Qg6 28. Rd2 Re1 29. Rxe1 Rxe1+ 30. Kh2 Rb1 31. Qxb7 h5 32. Qb8+ Kh7 33. Qd6 Qg5
34. Qd3+ g6 35. Qxb1 Qxd2 36. Kh1 h4 37. c4 Qb4 38. b3 Qc3 39. a4 a5 40. Qd1 Qe3
41. Kh2 Qf4+ 42. Kg1 Qe3+ 43. Kf1 Qc3 44. Ke2 Qe5+ 45. Kd3 Qb2 46. Qc2 Qe5 47.
c5 Qd5+ 48. Ke2 Qe5+ 49. Kf2 Qg3+ 50. Kf1 Qe5 51. c6 Qa1+ 52. Ke2 Qd4 53. c7
Qe5+ 54. Kf1 Qa1+ 55. Ke2 Qe5+ 56. Kd2 Qd4+ 57. Qd3 Qf4+ 58. Kc2 Qxc7+ 59. Qc3
Qf4 60. Qxa5 Qe3 61. Qd2 Qc5+ 62. Kb2 Qe5+ 63. Ka2 Qe6 64. Qd4 Qe2+ 65. Ka3 Qxg2
66. Qxh4+ Kg7 67. Qd4+ Kh7 68. Qh4+ Kg7 69. Qg4 Qd2 70. Qe4 Qc1+ 71. Kb4 Qd2+
72. Kc4 Qc1+ 73. Kd3 Qb1+ 74. Kc3 Qc1+ 75. Qc2 Qe3+ 76. Qd3 Qc1+ 77. Kb4 Qe1+
78. Qc3+ Qxc3+ 79. Kxc3 1-0

[Event "Women's Speed Chess GP3"]
[Site "chess.com INT"]
[Date "2020.07.09"]
[Round "2.6"]
[White "Ushenina, Anna"]
[Black "Lagno, Kateryna"]
[Result "1-0"]
[WhiteTitle "GM"]
[BlackTitle "GM"]
[WhiteElo "2416"]
[BlackElo "2546"]
[WhiteFideId "14110911"]
[BlackFideId "14109336"]
[EventDate "2020.07.08"]
[EventType "k.o. blitz"]

1. d4 Nf6 2. Nf3 g6 3. Nbd2 c5 4. dxc5 Qa5 5. b3 Bg7 6. Bb2 Qxc5 7. e3 O-O 8. g3
b6 9. c4 Bb7 10. Bg2 Qc7 11. O-O d6 12. Qe2 Nbd7 13. Rad1 Rac8 14. Nb1 Qb8 15.
Nc3 Qa8 16. Ne1 Bxg2 17. Nxg2 Ne5 18. f4 Ned7 19. e4 Nxe4 20. Nd5 e6 21. Ne7+
Kh8 22. Bxg7+ Kxg7 23. Nxc8 Rxc8 24. Rfe1 Ndf6 25. Rd4 d5 26. Qb2 Qc6 27. Ne3
Kg8 28. cxd5 exd5 29. Nxd5 Nxd5 30. Rdxe4 Nc3 31. Rc4 1-0

[Event "Women's Speed Chess GP3"]
[Site "chess.com INT"]
[Date "2020.07.09"]
[Round "2.7"]
[White "Lagno, Kateryna"]
[Black "Ushenina, Anna"]
[Result "1-0"]
[WhiteTitle "GM"]
[BlackTitle "GM"]
[WhiteElo "2546"]
[BlackElo "2416"]
[WhiteFideId "14109336"]
[BlackFideId "14110911"]
[EventDate "2020.07.08"]
[EventType "k.o. blitz"]

1. e4 e5 2. Nf3 Nf6 3. Nc3 Nc6 4. Bb5 Bb4 5. O-O O-O 6. d3 Bxc3 7. bxc3 d6 8.
Bxc6 bxc6 9. h3 h6 10. Rb1 c5 11. Re1 Qd7 12. d4 exd4 13. cxd4 cxd4 14. Qxd4 Qe6
15. Bb2 c5 16. Qc3 Bb7 17. e5 Ne4 18. Qa5 d5 19. Nd2 Nxd2 20. Qxd2 d4 21. c3
Rfd8 22. cxd4 cxd4 23. Ba3 Qg6 24. Rxb7 Rac8 25. Rc1 Rxc1+ 26. Bxc1 Qe4 27. Rb3
Qxe5 28. Rd3 Qd5 29. Bb2 Qxa2 30. Rxd4 Qb1+ 31. Kh2 Re8 32. Rd8 Qe4 33. Rxe8+
Qxe8 34. Qd4 f6 35. Qxa7 Qg6 36. Qd4 Kh7 37. f3 Qf7 38. Qe4+ Kg8 39. Bc1 Qc7+
40. Bf4 Qd7 41. h4 Qf7 42. Qf5 Qe7 43. Qg6 Kf8 44. h5 Qe6 45. Qd3 Qf7 46. Qd8+
Qe8 47. Qxe8+ 1-0

[Event "Women's Speed Chess GP3"]
[Site "chess.com INT"]
[Date "2020.07.09"]
[Round "2.8"]
[White "Ushenina, Anna"]
[Black "Lagno, Kateryna"]
[Result "1-0"]
[WhiteTitle "GM"]
[BlackTitle "GM"]
[WhiteElo "2416"]
[BlackElo "2546"]
[WhiteFideId "14110911"]
[BlackFideId "14109336"]
[EventDate "2020.07.08"]
[EventType "k.o. blitz"]

1. d4 Nf6 2. Nf3 d5 3. Bf4 Bf5 4. c4 e6 5. Nc3 Bb4 6. Qa4+ Nc6 7. Ne5 O-O 8.
Nxc6 Bxc3+ 9. bxc3 bxc6 10. Qxc6 dxc4 11. f3 Qd5 12. Qxd5 exd5 13. Bxc7 Rfc8 14.
Bf4 Rc6 15. g4 Bg6 16. h4 h5 17. g5 Ne8 18. Bh3 Rb6 19. Kf2 Rb2 20. Rhd1 a5 21.
Rd2 Rb7 22. a4 Rb3 23. Rc1 Ra7 24. Bg2 Rab7 25. e4 Ra3 26. exd5 Rxa4 27. d6 Rd7
28. Bh3 Rd8 29. d7 Ra3 30. dxe8=Q+ Rxe8 31. d5 Bd3 32. d6 Rb3 33. d7 1-0

[Event "Women's Speed Chess GP3"]
[Site "chess.com INT"]
[Date "2020.07.09"]
[Round "2.9"]
[White "Lagno, Kateryna"]
[Black "Ushenina, Anna"]
[Result "1-0"]
[WhiteTitle "GM"]
[BlackTitle "GM"]
[WhiteElo "2546"]
[BlackElo "2416"]
[WhiteFideId "14109336"]
[BlackFideId "14110911"]
[EventDate "2020.07.08"]
[EventType "k.o. blitz"]

1. e4 e5 2. Nf3 Nf6 3. Nc3 Nc6 4. Bb5 Bb4 5. O-O O-O 6. d3 Bxc3 7. bxc3 d6 8.
Bxc6 bxc6 9. h3 h6 10. Rb1 c5 11. Re1 Be6 12. a3 Rb8 13. Rxb8 Qxb8 14. d4 exd4
15. cxd4 cxd4 16. Qxd4 Qb6 17. Qc3 Rb8 18. Be3 Qb7 19. Nd2 Nd7 20. Rb1 Qc8 21.
Rxb8 Qxb8 22. Nb3 Qb7 23. f3 c5 24. Bf4 Qb6 25. Kh2 d5 26. exd5 Bxd5 27. Nd2 Qf6
28. Qe3 Be6 29. c3 Qd8 30. Ne4 Qb6 31. Qf2 c4 32. Qg3 Kh8 33. Bd6 Qc6 34. Qf4
Qd5 35. Be7 Qf5 36. Qg3 Bd5 37. Nd6 Qg6 38. Qf4 Qe6 39. Nf5 Qg6 40. Bb4 Be6 41.
Nd4 Nf6 42. Nxe6 fxe6 43. Bd6 Nd5 44. Qxc4 Qf6 45. Qc8+ Kh7 46. c4 Ne3 47. Qc5
Nf1+ 48. Kg1 Nd2 49. Qe3 Qa1+ 50. Kf2 Nb3 51. Qxb3 Qd4+ 52. Kg3 Qxd6+ 53. Kf2
Qd4+ 54. Kf1 Qa1+ 55. Ke2 Qd4 56. Qc2+ Kh8 57. c5 Qd7 58. Kf1 Qc6 59. Qc4 a5 60.
a4 e5 61. Qb5 Qd5 62. c6 Qd1+ 63. Kf2 Qd2+ 64. Kg3 Qf4+ 65. Kf2 Qd2+ 66. Qe2
Qd4+ 67. Qe3 Qb2+ 68. Kg3 Qb8 69. Qc5 e4+ 70. c7 Qc8 71. fxe4 h5 72. Qd6 1-0

[Event "Women's Speed Chess GP3"]
[Site "chess.com INT"]
[Date "2020.07.09"]
[Round "2.10"]
[White "Ushenina, Anna"]
[Black "Lagno, Kateryna"]
[Result "1/2-1/2"]
[WhiteTitle "GM"]
[BlackTitle "GM"]
[WhiteElo "2416"]
[BlackElo "2546"]
[WhiteFideId "14110911"]
[BlackFideId "14109336"]
[EventDate "2020.07.08"]
[EventType "k.o. blitz"]

1. d4 Nf6 2. Nf3 g6 3. Nbd2 c5 4. dxc5 Qa5 5. b3 Bg7 6. Bb2 Qxc5 7. e3 b6 8. g3
Bb7 9. c4 Qc7 10. Bg2 O-O 11. O-O d6 12. Qe2 Nbd7 13. Rfd1 Rac8 14. Rac1 Qb8 15.
Ne1 Rfd8 16. Nb1 Nc5 17. Nc3 e6 18. Bxb7 Qxb7 19. Qf3 Qxf3 20. Nxf3 Nfe4 21.
Nxe4 Bxb2 22. Rb1 Nxe4 23. Rxb2 d5 24. cxd5 Rxd5 25. Rxd5 Rc1+ 26. Kg2 exd5 27.
Nd4 Kf8 28. Ne2 Rc7 29. f3 Nd6 30. Rd2 Nf5 31. Kf2 Ne7 32. Nf4 Rc5 33. h4 h5 34.
Nd3 Rc3 35. Nf4 Rc5 36. Nd3 Rc3 37. Nf4 Rc5 1/2-1/2

[Event "Women's Speed Chess GP3"]
[Site "chess.com INT"]
[Date "2020.07.09"]
[Round "2.11"]
[White "Lagno, Kateryna"]
[Black "Ushenina, Anna"]
[Result "1/2-1/2"]
[WhiteTitle "GM"]
[BlackTitle "GM"]
[WhiteElo "2546"]
[BlackElo "2416"]
[WhiteFideId "14109336"]
[BlackFideId "14110911"]
[EventDate "2020.07.08"]
[EventType "k.o. blitz"]

1. e4 e5 2. Nf3 Nf6 3. Nxe5 d6 4. Nf3 Nxe4 5. Bd3 Nf6 6. O-O Be7 7. c3 O-O 8.
Bc2 c5 9. d4 h6 10. h3 Be6 11. Re1 Nc6 12. Nbd2 cxd4 13. Nxd4 Nxd4 14. cxd4 d5
15. Nf3 Rc8 16. Ne5 Qc7 17. Bd3 Ne4 18. Bxe4 dxe4 19. Rxe4 Rfd8 20. Re1 Qb6 21.
Nf3 Bf6 22. Qe2 Bxd4 23. Nxd4 Qxd4 24. Be3 Qa4 25. b3 Qa3 26. Rac1 b6 27. Rxc8
Rxc8 28. Bd4 Qd6 29. Bb2 Bf5 30. Rd1 Qe6 31. Qxe6 Bxe6 32. Rd2 f6 33. Kf1 Kf7
34. Ke2 Rc7 35. Ke3 Rd7 36. Rxd7+ Bxd7 37. Kd4 Ke6 38. Ba3 Bc6 39. g3 h5 40. Bf8
g6 41. h4 f5 42. Bh6 Bg2 43. Bf4 Bc6 44. Bb8 a6 45. Ba7 b5 46. Kc5 Bd7 47. Kb6
Bc8 48. Kc7 Bd7 49. Be3 Ke7 50. Kb6 Bc8 51. Kc7 Bd7 52. Kb7 a5 53. Kb6 a4 54.
bxa4 bxa4 55. a3 Ke6 56. Kc5 Be8 57. Kd4 Bd7 58. Bd2 Be8 59. Ke3 1/2-1/2